MLB Baltimore Orioles Season Home Run Leaders - Statistics

General Stats
  • This quiz has been taken 73 times
    20 since last reset
  • The average score is 49 of 138
Answer Stats
Year Player % Correct
1986 | 1990 | 1991 Cal Ripken Jr.
95%
2012 | 2013 | 2015 Chris Davis
95%
1977 | 1980 | 1981 | +5 others Eddie Murray
89%
Jim Murray
89%
1966 | 1967 | 1971 Frank Robinson
79%
2025 Gunnar Henderson
79%
Manny Machado
79%
1994 | 1995 | 1997 | 1998 Rafael Palmeiro
79%
1996 Brady Anderson
74%
2022 | 2023 | 2024 Anthony Santander
68%
1963 | 1964 | 1968 | +3 others Boog Powell
68%
2016 Mark Trumbo
68%
1904 Tom Jones
68%
2004 | 2006 Miguel Tejada
58%
1976 Reggie Jackson
58%
2021 Ryan Mountcastle
58%
Jordan Westburg
53%
2014 Nelson Cruz
53%
1999 | 2000 Albert Belle
47%
1979 Ken Singleton
47%
2005 Melvin Mora
47%
2007 | 2008 Nick Markakis
47%
1921 | 1922 | 1923 | +3 others Ken Williams
42%
2018 | 2019 Trey Mancini
42%
1974 Bobby Grich
37%
1973 Earl Williams
37%
1913 Gus Williams
37%
Jackson Holliday
37%
1993 Chris Hoiles
32%
1918 | 1919 | 1920 George Sisler
32%
Lee May
32%
1978 Doug DeCinces
26%
2020 Renato Núñez
26%
1975 Don Baylor
21%
1930 | 1931 | 1932 Goose Goslin
21%
2001 Chris Richard
16%
1939 | 1941 George McQuinn
16%
1955 | 1956 | 1957 | +2 others Gus Triandos
16%
1934 | 1936 | 1937 | 1938 Harlond Clift
16%
1961 | 1962 Jim Gentile
16%
1987 Larry Sheets
16%
2009 | 2010 Luke Scott
16%
2011 Mark Reynolds
16%
1965 Curt Blefary
11%
Jay Gibbons
11%
1989 Mickey Tettleton
11%
1992 Mike Devereaux
11%
1914 | 1915 Tillie Walker
11%
2002 | 2003 Tony Batista
11%
1917 | 1924 Baby Doll Jacobson
5%
Bobby Wallace
5%
1952 Bob Nieman
5%
1942 | 1946 Chet Laabs
5%
1960 Ron Hansen
5%
1943 | 1944 | 1945 | 1954 Vern Stephens
5%
1953 Vic Wertz
5%
Al Schweitzer
0%
Art Griggs
0%
1933 Bruce Campbell
0%
Charlie Hemphill
0%
1912 | 1916 Del Pratt
0%
1950 Don Lenhardt
0%
1905 | 1906 | 1907 | 1908 George Stone
0%
1909 Hobe Ferris
0%
1949 Jack Graham
0%
1947 Jeff Heath
0%
Jesse Burkett
0%
Joe Kutina
0%
1951 Ken Wood
0%
1948 Les Moss
0%
1928 Lu Blue
0%
1935 Moose Solters
0%
1910 Pat Newnam
0%
1911 Paul Meloan
0%
1929 Red Kress
0%
Roy Hartzell
0%
1940 Wally Judnich
0%
No matching quizzes found
Score Distribution
Percent of People with Each Score
Percentile by Number Answered
Your Score History
You have not taken this quiz since the last reset